Global Demonlist (TOP 300) - Statistics

General Stats
  • This quiz has been taken 22 times
  • The average score is 24 of 300
Answer Stats
Hint Answer % Correct
1 Tidal Wave
86%
3 Acheron
64%
13 Slaughterhouse
57%
2 Nullscapes
50%
4 Avernus
43%
164 Bloodlust
43%
18 Sakupen Circles
43%
6 Spectre
43%
10 Abyss of Darkness
36%
9 Ashley Wave Trials
36%
12 KOCMOC
36%
11 Kyouki
36%
14 Menace
36%
175 Silent Club
36%
7 Silent Clubstep
36%
20 The Lightning Rod
36%
5 Aquamarine
29%
17 | 163 Deimos
29%
35 LIMBO
29%
21 MINUSdry
29%
294 Sonic Wave
29%
58 Sonic Wave Infinity
29%
60 Tartarus
29%
97 Thinking Space
29%
223 Arctic Lights
21%
53 arcturus
21%
189 Atmos
21%
16 BOOBAWAMBA
21%
117 Crimson Planet
21%
64 Jigsaw
21%
99 Keres
21%
22 KOSETSU
21%
173 kowareta
21%
36 Mayhem
21%
205 Ouroboros
21%
124 SARY NEVER CLEAR
21%
72 Shukketsu
21%
293 Sonic Wave Rebirth
21%
61 The Golden
21%
29 The Hallucination
21%
8 Tunnel of Despair
21%
67 Verdant Landscape
21%
87 Zodiac
21%
243 Aquatic Auroras
14%
193 ATOMIC CANNON
14%
125 ATOMIC CANNON Mk II
14%
70 ATOMIC CANNON Mk III
14%
15 Based After Based
14%
75 Checked Steam
14%
197 Cicatrize
14%
26 COMBUSTION
14%
171 Congregation
14%
126 CORRODERE
14%
276 Cybernetic Crescent
14%
140 Descent Into Exile
14%
102 Esfera
14%
34 Eyes In The Water
14%
19 Firework
14%
265 Gamma
14%
85 Kenos
14%
55 limbo but uwu ig idk
14%
59 Natural Disaster
14%
170 Nhelv
14%
66 Oblivion
14%
216 Plasma Pulse Finale
14%
155 Ragnarok
14%
249 RAM
14%
258 RANDOM ACCESS MEMORY
14%
130 RUST
14%
47 SARYYX NEVER CLEAR
14%
142 Shardscapes
14%
187 Sigma
14%
30 Solar Flare
14%
212 The Yandere
14%
43 The Yangire
14%
57 UNKNOWN
14%
48 Viprin UFO
14%
257 Wasureta
14%
283 X0
14%
285 Yatagarasu
14%
105 Ascent
7%
162 Asterios
7%
98 Axinie
7%
32 Belladonna
7%
49 BPATA MPAKA
7%
23 Centipede
7%
62 Climax
7%
119 Cognition
7%
111 Cold Sweat
7%
280 Collect All Pets
7%
116 ConClusion
7%
180 Coral Cave
7%
101 Crackhead Circles
7%
80 Critical Heat
7%
45 Damascus
7%
39 Deadlier Clubstep
7%
273 Dedohexdragon
7%
195 Deep Bass
7%
69 Delta
7%
92 Destruction 19
7%
121 DIRECTIONS
7%
95 DISSONANCE
7%
90 Dry Out Copyable 2
7%
183 DsinK
7%
33 Edge of Destiny
7%
260 Edge of the World
7%
194 Fog
7%
96 Fragile
7%
218 Frozen Cave
7%
84 Graceful
7%
199 Gracefully
7%
109 Guideless Goobering
7%
207 Gustavo Fring
7%
81 Hard Machine
7%
191 IthacropoliX
7%
161 Jesse Pinkman
7%
149 Kappa
7%
150 Launchpad Labyrinth
7%
94 Lotus Flower
7%
128 Lucid Nightmares
7%
147 Moving Forward
7%
188 Nabil Let Go
7%
65 NETWORK
7%
266 network
7%
88 NEUTRA
7%
236 nevermore
7%
174 no jokes
7%
263 Omega
7%
63 ORDINARY
7%
219 Ourwa
7%
296 Pingas21
7%
153 poocu
7%
28 poocubed
7%
106 Promethean
7%
37 PSYCHOPATH
7%
112 Renevant
7%
132 RUTHLESS
7%
247 SAND SAILOR
7%
27 Saul Goodman
7%
146 Scrubbabingo Force
7%
252 Shutdown
7%
279 Sink
7%
83 Terminal Rampancy
7%
181 Terminux
7%
206 Th3Dev0n
7%
167 The Art of the Blade
7%
71 The Paroxysm of Rage
7%
143 The Rupture
7%
25 Through The Gates
7%
160 TORN
7%
73 Trueffet
7%
169 twocu
7%
40 walter white
7%
93 Widestep
7%
133 Ykds1479ymdppr
7%
78 Aerial Gleam
0%
141 Akashic Records
0%
230 AKIRA
0%
139 Amalgam
0%
192 Aronia
0%
182 Avaddon
0%
165 Awedsy
0%
151 Azure Flare
0%
156 BarbarosFinaleFinale
0%
278 Bete Noire
0%
261 Beyond Hell
0%
224 Calamity
0%
114 Calculator Core
0%
203 Call Me Maybe
0%
77 Cannon Bay
0%
270 CATNIVORES
0%
259 Cersia Difficult
0%
286 Cersia Madness
0%
231 CHROMA FINALE
0%
44 Cimmerian Shade
0%
159 CITRA
0%
51 Coalescense
0%
123 Cobwebs
0%
209 CONNECT
0%
255 ConTroller
0%
129 Cosmic Cyclone
0%
288 Cosmic Ray
0%
222 CRIDIUM
0%
145 critical error
0%
264 Dance of the Violins
0%
103 Dead Petals
0%
31 Decks Dark
0%
56 Diabolic Clubstep
0%
201 Dump
0%
213 Dust Bowl
0%
295 Edge of the Blade
0%
246 EGO KILLING
0%
256 ELLIPSISM
0%
177 Enira
0%
74 Enjoy
0%
184 ERYX
0%
152 Escape Room
0%
244 Eternal Moment
0%
38 Eternal Theory
0%
262 EUPHORIA
0%
137 Excruciation Chamber
0%
131 FACESHOPPING
0%
248 Farthest Outpost
0%
208 Fever Dream
0%
227 Fexty II
0%
86 Forsaken Hell
0%
215 Fragmented
0%
198 FRIDAY
0%
100 Frost Spirit
0%
245 Glacial Core
0%
240 Golden Club
0%
253 Golden Paracosm
0%
298 GONER
0%
172 Gumi
0%
211 Hardry
0%
127 Haunted Corridor
0%
89 Henken
0%
272 Hyper Paracosm
0%
290 Icotact
0%
297 Infinite Inquity
0%
120 Instinct
0%
275 Iris of a Puppeteer
0%
144 Jasmine
0%
68 Judgement Knights
0%
148 Jupiter My Favourite
0%
251 Kjdf8314jlfssf
0%
200 Knights of Thunder
0%
235 Krokodil Gena
0%
52 Levigo
0%
254 Loochiverse
0%
232 LUMINA
0%
277 Macabre
0%
168 Mewnel
0%
54 Midnight
0%
238 Mirrored Calamity
0%
284 Molten Gear
0%
41 Nautical Nebula
0%
300 Necromancer
0%
166 Neon Skyline
0%
234 of Ambrosia
0%
158 Omega Interface
0%
268 Omnitoxin
0%
178 Pagoda
0%
154 Pandemonium
0%
229 Pervasive Tide
0%
190 Ploink
0%
196 Pootis Engage XTREME
0%
157 PROTON LAUNCHER
0%
108 qoUEO
0%
228 Quicksand
0%
269 RAIN
0%
221 REPENTLESS
0%
233 Requiem
0%
138 Rigel
0%
134 Ringy Paracosm
0%
291 Rip It
0%
274 Ryft
0%
281 Sakupen realm
0%
185 Sazerix
0%
104 Scream Machine
0%
299 Sephiroth
0%
282 Sewers
0%
122 shimmer
0%
292 Shmarley Ville
0%
46 Sinister Silence
0%
118 Sky Shredder
0%
287 Snowcone
0%
267 Spacial Rend
0%
239 Sparkling
0%
110 Spectrolux
0%
226 Spectrum Cyclone
0%
24 Stellar Night
0%
217 Storming Summit
0%
179 Stormy Earthspace
0%
204 Stygian Storm
0%
107 SUPERHATEMEWORLD
0%
220 SZYSLAK
0%
176 Talicron
0%
289 Tenochtitlan
0%
79 The Nautical
0%
241 The Nebula
0%
76 THE ROCK HOUSE
0%
271 the wiener
0%
42 The Wonder of You
0%
91 Time Lapse
0%
250 too high
0%
242 Toxic Core
0%
113 Trotil
0%
136 Twilight
0%
186 untitled unmastered
0%
210 Vertigo II
0%
135 Villain Virus
0%
225 Visible Ray
0%
115 Void of Thought
0%
50 Waterfall
0%
202 Wind
0%
237 WORSTBRAINMAP
0%
214 XRAY
0%
82 Zirconium Misery
0%
No matching quizzes found
Score Distribution
Percent of People with Each Score
Percentile by Number Answered
Your Score History
You have not taken this quiz